000 00308nam a2200133Ia 4500
008 150301s2015 xx 000 0 und d
082 _a615
_bU10M
100 _aK. MUKHOPADHYRY
245 _aUNDERGNADUATE PHARMACOLOGY
260 _bCBS- DELHI
300 _a412
650 _aPHARMACEUTICS
942 _2ddc
_cBK
999 _c7206
_d7206